| 000 | 00637nam a22001817a 4500 | ||
|---|---|---|---|
| 003 | SISC | ||
| 005 | 20170926120410.0 | ||
| 008 | 170926b xxu||||| |||| 00| 0 eng d | ||
| 020 | _a9781786681430 | ||
| 050 |
_aPE 1471 _b.Ex846 2016 |
||
| 245 |
_aExtended essay guide : _bfor first teaching 2016 / _cInternational Baccalaureate Organization |
||
| 260 |
_aSwitzerland : _bInternational Baccalaureate Organization, _c2016. |
||
| 300 |
_a376 pages ; _c30 cm. |
||
| 650 |
_2Library of Congress Subject Headings _aInternational Baccalaureate |
||
| 650 |
_2Library of Congress Subject Headings _aEssay |
||
| 942 |
_2lcc _cBK |
||
| 999 |
_c344408 _d344408 |
||